| 000 | 00000nam 2200000za 4500 |
| 001 | 9.833130 |
| 003 | CaOODSP |
| 005 | 20240527135430 |
| 007 | cr ||||||||||| |
| 008 | 170227t2017 onc o f000 0 eng d |
| 020 | |a978-0-660-07784-0 |
| 040 | |aCaOODSP|beng |
| 043 | |an-cn--- |
| 086 | 1 |aCW69-14/487-2017E-PDF |
| 245 | 00|aCOSEWIC assessment and status report on the Mapleleaf, Quadrula quadrula, Great Lakes - Upper St. Lawrence population, Saskatchewan - Nelson Rivers population, in Canada |h[electronic resource]. |
| 246 | 15|aCOSEWIC status report on the Mapleleaf, Quadrula quadrula, in Canada |
| 260 | |aOttawa : |bEnvironment and Climate Change Canada, |c2017, c2016. |
| 300 | |axv, 85 p. : |bfigures. |
| 500 | |aIssued also in French under title: Évaluation et rapport de situation du COSEPAC sur la Mulette feuille d'érable, Quadrula quadrula, population des Grands Lacs et du haut Saint–Laurent, population de la rivière Saskatchewan et du fleuve Nelson, au Canada. |
| 500 | |aCover title. |
| 500 | |a"Great Lakes - Upper St. Lawrence population - Special concern; Saskatchewan - Nelson Rivers population - Threatened, 2016." |
| 500 | |a"COSEWIC would like to acknowledge David Zanatta, Jordan Hoffman and Joseph Carney for writing the status report on the Mapleleaf." |
| 692 | 07|2gccst|aEndangered species |
| 692 | 07|2gccst|aNature conservation |
| 692 | 07|2gccst|aMolluscs |
| 700 | 1 |aZanatta, David Thomas,|d1975- |
| 700 | 1 |aHoffman, Jordan. |
| 700 | 1 |aCarney, Joseph Patrick,|d1958- |
| 710 | 2 |aCommittee on the Status of Endangered Wildlife in Canada. |
| 710 | 2 |aCanadian Wildlife Service. |
| 710 | 1 |aCanada. |bEnvironment and Climate Change Canada. |
| 775 | 08|tÉvaluation et rapport de situation du COSEPAC sur la Mulette feuille d'érable, Quadrula quadrula, population des Grands Lacs et du haut Saint–Laurent, population de la rivière Saskatchewan et du fleuve Nelson, au Canada |w(CaOODSP)9.833131 |
| 795 | |tCOSEWIC assessment and status report on the Mapleleaf Mussel, Quadrula quadrula, Saskatchewan – Nelson population, Great Lakes – Western St. Lawrence population, in Canada |w(CaOODSP)9.560543 |
| 856 | 40|qPDF|s5.14 MB|uhttps://publications.gc.ca/collections/collection_2017/eccc/CW69-14-487-2017-eng.pdf |